[Event "Gausdal Bygger'n Masters"]
[Site "Gausdal NOR"]
[Date "2005.10.03"]
[Round "3.22"]
[White "Haugstad, Espen"]
[Black "Aandal, Kristian"]
[Result "1-0"]
[WhiteElo "1607"]
[BlackElo "1941"]
[PlyCount "105"]
[EventDate "2005.10.01"]
[EventType "swiss"]
[EventRounds "9"]
[EventCountry "NOR"]
[Source "lmi"]
[SourceDate "2005.10.05"]

1. e4 e5 2. f4 exf4 3. Bc4 Be7 4. d4 Bh4+ 5. Kf1 d6 6. Nf3 Bg4 7. c3 Qd7 8.
Nbd2 Bd8 9. Qb3 c6 10. h3 Bh5 11. Kf2 Ne7 12. Re1 O-O 13. Nf1 Bxf3 14. Kxf3 Ng6
15. Bxf4 Nxf4 16. Kxf4 d5 17. Bd3 dxe4 18. Bxe4 Kh8 19. Re2 f5 20. Bd3 g5+ 21.
Kf3 g4+ 22. Kf2 gxh3 23. gxh3 Bh4+ 24. Kg1 Rg8+ 25. Kh1 f4 26. Qe6 Qg7 27. Nh2
Na6 28. Nf3 Bg3 29. Re5 Nc7 30. Qf5 Bf2 31. Qg5 Qf7 32. Qe7 Raf8 33. Qxf7 Rxf7
34. Bc4 Nd5 35. Rxd5 cxd5 36. Bxd5 Rgf8 37. Bxf7 Rxf7 38. Kg2 Be3 39. Ne5 Rg7+
40. Kf3 Rg3+ 41. Ke4 Rxh3 42. d5 Bb6 43. Nc4 Bd8 44. Rf1 Bg5 45. d6 Kg7 46. d7
Kf7 47. Rd1 Bd8 48. Nd6+ Ke7 49. Rd2 f3 50. Nxb7 Rh6 51. Kxf3 Rb6 52. Re2+ Kxd7
53. Rd2+ 1-0

[Event "Gausdal Bygger'n Masters"]
[Site "Gausdal NOR"]
[Date "2005.10.03"]
[Round "3.23"]
[White "Sjol, Henrik"]
[Black "Bryn, Askild"]
[Result "1/2-1/2"]
[WhiteElo "1656"]
[BlackElo "2019"]
[PlyCount "45"]
[EventDate "2005.10.01"]
[EventType "swiss"]
[EventRounds "9"]
[EventCountry "NOR"]
[Source "lmi"]
[SourceDate "2005.10.05"]

1. c4 f5 2. d4 Nf6 3. g3 g6 4. Bg2 Bg7 5. Nf3 O-O 6. O-O d6 7. Nc3 h6 8. b3
Nbd7 9. d5 Ne4 10. Nxe4 Bxa1 11. Bxh6 Bg7 12. Bxg7 Kxg7 13. Neg5 Nc5 14. b4 Ne4
15. Nxe4 fxe4 16. Qd4+ e5 17. dxe6+ Qf6 18. Qxe4 Qxe6 19. Nd4 Qxe4 20. Bxe4 Re8
21. Bf3 a5 22. b5 Rb8 23. Rd1 1/2-1/2

[Event "Gausdal Bygger'n Masters"]
[Site "Gausdal NOR"]
[Date "2005.10.03"]
[Round "3.24"]
[White "Thomassen, Thomas"]
[Black "Jacobsen, Maria Pitz"]
[Result "1/2-1/2"]
[WhiteElo "2077"]
[BlackElo "1336"]
[PlyCount "124"]
[EventDate "2005.10.01"]
[EventType "swiss"]
[EventRounds "9"]
[EventCountry "NOR"]
[Source "lmi"]
[SourceDate "2005.10.05"]

1. Nf3 d5 2. d4 Nf6 3. c4 e6 4. Nc3 Nbd7 5. Bg5 Be7 6. e3 O-O 7. cxd5 exd5 8.
Bd3 h6 9. Bh4 c6 10. Qc2 Re8 11. Bg3 Nh5 12. Be5 Nxe5 13. Nxe5 Nf6 14. O-O Bd6
15. f4 Ng4 16. Bh7+ Kf8 17. Qe2 Bxe5 18. fxe5 Qg5 19. Rf3 g6 20. Raf1 Re7 21.
h3 Nxe5 22. dxe5 Kg7 23. Bxg6 Qxg6 24. Rf6 Qg5 25. Qf3 Be6 26. Qf4 Rf8 27. Rf3
Kh7 28. h4 Qxf4 29. exf4 d4 30. Ne2 c5 31. Kf2 Rg8 32. Ra3 b6 33. f5 Bd5 34.
Nf4 Ba8 35. e6 fxe6 36. fxe6 Rgg7 37. h5 Rg5 38. Rf7+ Rxf7 39. exf7 Rf5 40.
f8=Q Rxf8 41. Rxa7+ Kg8 42. Kg3 Be4 43. Rd7 Rf6 44. a3 Kf8 45. Nd5 Re6 46. Nc7
Rf6 47. Nd5 Re6 48. Rd8+ Kf7 49. Kg4 Bxd5 50. Rxd5 Re2 51. b4 Rxg2+ 52. Kf3 Rg5
53. Rxg5 hxg5 54. bxc5 bxc5 55. a4 c4 56. a5 g4+ 57. Kxg4 c3 58. a6 c2 59. a7
c1=Q 60. a8=Q Qg1+ 61. Kh4 Qh2+ 62. Kg4 Qg1+ 1/2-1/2

[Event "Gausdal Bygger'n Masters"]
[Site "Gausdal NOR"]
[Date "2005.10.03"]
[Round "3.25"]
[White "Nilsen, Jarle"]
[Black "Johansson, Per"]
[Result "0-1"]
[WhiteElo "1632"]
[BlackElo "2005"]
[PlyCount "151"]
[EventDate "2005.10.01"]
[EventType "swiss"]
[EventRounds "9"]
[EventCountry "NOR"]
[Source "lmi"]
[SourceDate "2005.10.05"]

1. d4 d5 2. c4 c6 3. Nc3 Nf6 4. cxd5 cxd5 5. Bg5 Ne4 6. Bf4 Qa5 7. Qb3 e6 8. f3
Nd6 9. e3 Nc6 10. Rc1 Be7 11. Bd3 O-O 12. Nge2 Qd8 13. O-O Bg5 14. Bxg5 Qxg5
15. f4 Qf6 16. f5 Qg5 17. Rf3 Nxf5 18. Bxf5 exf5 19. Rg3 Qh6 20. Rf1 Be6 21.
Nf4 Na5 22. Qb5 Nc4 23. Ncxd5 Nd6 24. Qb4 Bxd5 25. Nxd5 Qe6 26. Nc7 Qd7 27.
Nxa8 Rxa8 28. Rc1 Re8 29. Rf3 g6 30. Qc5 Ne4 31. Qc2 Kg7 32. b3 Ng5 33. Rg3 Ne4
34. Rf3 Ng5 35. Kf2 Nxf3 36. gxf3 Qd6 37. f4 Qf6 38. Kf3 Qh4 39. Qg2 Qe7 40.
Rc3 Qe4+ 41. Kg3 Qb1 42. Qd2 Qg1+ 43. Kh3 a6 44. d5 Rd8 45. Rd3 h5 46. Qb2+ f6
47. Qg2 Qxg2+ 48. Kxg2 Kf7 49. h4 Ke7 50. Kf3 Kd6 51. Rd4 b5 52. Ke2 Rc8 53.
Kd3 Rc1 54. a4 Rh1 55. e4 Rh3+ 56. Kc2 fxe4 57. axb5 axb5 58. Rxe4 Kxd5 59. Re8
Rxh4 60. f5 gxf5 61. Rh8 b4 62. Ra8 Ke4 63. Rf8 Rh2+ 64. Kd1 Rh3 65. Rxf6 Rxb3
66. Kc2 Rc3+ 67. Kd2 h4 68. Rh6 h3 69. Rb6 Rd3+ 70. Ke2 Rb3 71. Re6+ Kf4 72.
Kf2 Rb2+ 73. Kg1 b3 74. Rb6 Kf3 75. Rb5 Kg3 76. Rxf5 0-1

[Event "Gausdal Bygger'n Masters"]
[Site "Gausdal NOR"]
[Date "2005.10.03"]
[Round "3.26"]
[White "Agdestein, Emil"]
[Black "Hammer, Jon Ludvig"]
[Result "1/2-1/2"]
[WhiteElo "2057"]
[BlackElo "2278"]
[PlyCount "120"]
[EventDate "2005.10.01"]
[EventType "swiss"]
[EventRounds "9"]
[EventCountry "NOR"]
[Source "lmi"]
[SourceDate "2005.10.05"]

1. Nc3 Nf6 2. e4 e5 3. g3 d5 4. exd5 Nxd5 5. Bg2 Nxc3 6. bxc3 Nc6 7. Ne2 Bc5 8.
O-O O-O 9. Kh1 Be6 10. d3 Qd7 11. Be3 Bxe3 12. fxe3 f5 13. Rf2 Rad8 14. Qf1 Rf6
15. e4 Rdf8 16. exf5 Rxf5 17. Rxf5 Rxf5 18. Qg1 Qf7 19. c4 Qh5 20. Qe3 Rf6 21.
Ng1 Nd4 22. Rf1 Rxf1 23. Bxf1 Bd7 24. c3 Nf5 25. Qf2 Qd1 26. Qe2 Bc6+ 27. Bg2
Qxe2 28. Nxe2 Bxg2+ 29. Kxg2 e4 30. dxe4 Nd6 31. Kf3 Nxc4 32. Kf4 Kf7 33. h4 c5
34. g4 Ke6 35. g5 g6 36. Ng3 a5 37. Ne2 Nd6 38. Nc1 b6 39. Nd3 a4 40. Nf2 Nb5
41. Nd1 a3 42. c4 Nd6 43. Ne3 b5 44. cxb5 Nxb5 45. Nc4 Nc3 46. Nxa3 Nxa2 47.
Nc4 Nc3 48. Ke3 Nb5 49. Kf4 Nd6 50. Ne3 c4 51. e5 Nf5 52. Nxc4 Nxh4 53. Ne3 Nf5
54. Ng4 Ne7 55. Nf6 Nd5+ 56. Kg4 Kxe5 57. Nxh7 Ne3+ 58. Kf3 Nd5 59. Nf8 Kf5 60.
Nxg6 Kxg5 1/2-1/2

[Event "Gausdal Bygger'n Masters"]
[Site "Gausdal NOR"]
[Date "2005.10.04"]
[Round "4.1"]
[White "Carlsen, Magnus"]
[Black "Burmakin, Vladimir"]
[Result "1-0"]
[WhiteElo "2570"]
[BlackElo "2508"]
[PlyCount "117"]
[EventDate "2005.10.01"]
[EventType "swiss"]
[EventRounds "9"]
[EventCountry "NOR"]
[Source "lmi"]
[SourceDate "2005.10.05"]

1. d4 c6 2. c4 d5 3. Nf3 Nf6 4. Nc3 a6 5. e3 b5 6. c5 g6 7. Ne5 Bg7 8. Be2 O-O
9. O-O Nfd7 10. f4 Nxe5 11. fxe5 f6 12. exf6 Rxf6 13. Rxf6 Bxf6 14. e4 dxe4 15.
Be3 Be6 16. Nxe4 Nd7 17. Nxf6+ Nxf6 18. Bf4 Qd7 19. Qd2 Rf8 20. Be5 Bg4 21. Bf1
Qd5 22. h3 Nd7 23. Bf4 Be6 24. a3 Rd8 25. Re1 Bf7 26. Qe3 e5 27. Bxe5 Nxe5 28.
dxe5 Be6 29. b4 Qd4 30. Qxd4 Rxd4 31. Be2 Re4 32. Kf2 Rxe5 33. Bf3 Rxe1 34.
Kxe1 Bd7 35. Kd2 Kf7 36. Ke3 Kf6 37. Kd4 h6 38. h4 g5 39. hxg5+ hxg5 40. Be4
Be8 41. g3 Bd7 42. Bg2 Be8 43. Bh3 Bf7 44. Bg2 Be8 45. Be4 Bd7 46. Bc2 Bf5 47.
Bd1 Be6 48. Bf3 Bd7 49. Be4 Be8 50. Bc2 Bh5 51. a4 Bf3 52. a5 Bh1 53. Bd3 Bg2
54. g4 Bf3 55. Bf5 Ke7 56. Ke5 Be2 57. Bc8 Kd8 58. Bxa6 Bxg4 59. Ke4 1-0

[Event "Gausdal Bygger'n Masters"]
[Site "Gausdal NOR"]
[Date "2005.10.04"]
[Round "4.2"]
[White "Akesson, Ralf"]
[Black "Kulaots, Kaido"]
[Result "1/2-1/2"]
[WhiteElo "2486"]
[BlackElo "2558"]
[PlyCount "23"]
[EventDate "2005.10.01"]
[EventType "swiss"]
[EventRounds "9"]
[EventCountry "NOR"]
[Source "lmi"]
[SourceDate "2005.10.05"]

1. Nf3 Nf6 2. c4 c6 3. d4 d5 4. Qc2 dxc4 5. Qxc4 Bg4 6. Nbd2 Nbd7 7. g3 e6 8.
Bg2 Be7 9. O-O O-O 10. b3 Qa5 11. h3 Bh5 12. Bb2 1/2-1/2

[Event "Gausdal Bygger'n Masters"]
[Site "Gausdal NOR"]
[Date "2005.10.04"]
[Round "4.3"]
[White "Bentsen, Oyvind"]
[Black "Dobrov, Vladimir"]
[Result "1/2-1/2"]
[WhiteElo "2146"]
[BlackElo "2515"]
[PlyCount "152"]
[EventDate "2005.10.01"]
[EventType "swiss"]
[EventRounds "9"]
[EventCountry "NOR"]
[Source "lmi"]
[SourceDate "2005.10.05"]

1. e4 c5 2. Nf3 e6 3. d4 cxd4 4. Nxd4 Nc6 5. Be3 Nf6 6. Nd2 d6 7. c3 Be7 8. f3
O-O 9. Bd3 e5 10. N4b3 d5 11. Bc5 Bxc5 12. Nxc5 Qe7 13. Ncb3 dxe4 14. Nxe4 Nd5
15. Bc4 Ne3 16. Qe2 Qh4+ 17. g3 Qh6 18. Kf2 Nxc4 19. Qxc4 Rd8 20. h4 Be6 21.
Qe2 Bd5 22. Qe3 Qe6 23. Nbc5 Qe7 24. g4 b6 25. Nb3 Bc4 26. Ng5 h6 27. Qe4 Bd3
28. Qxc6 Rac8 29. Qa4 hxg5 30. hxg5 Rc4 31. Qa3 Qxa3 32. bxa3 Bg6 33. Rae1 Rd5
34. Re3 f6 35. gxf6 gxf6 36. Rhe1 Ra4 37. g5 Rxa3 38. gxf6 Rxa2+ 39. Kg3 Rb2
40. c4 Rd3 41. Nc1 Rxe3 42. Rxe3 Rc2 43. Ne2 Rxc4 44. Rxe5 Bf7 45. Kf2 a5 46.
Ke3 a4 47. Re4 a3 48. Rxc4 Bxc4 49. Nd4 a2 50. Nc2 Kf7 51. Kd4 Bb3 52. Na1 Bd1
53. f4 Kxf6 54. Kc3 Kf5 55. Kb2 Kxf4 56. Kxa2 Ke3 57. Nb3 Kd3 58. Kb2 Bh5 59.
Na5 Bf7 60. Nb3 Bc4 61. Na5 Kd4 62. Nb3+ Kd3 63. Na5 Bb5 64. Kb3 bxa5 65. Kb2
Ba4 66. Ka1 Kc3 67. Ka2 Bb3+ 68. Ka1 a4 69. Kb1 Kb4 70. Ka1 Ka3 71. Kb1 Bd5 72.
Ka1 Kb3 73. Kb1 Be4+ 74. Ka1 Bb1 75. Kxb1 a3 76. Ka1 a2 1/2-1/2

[Event "Gausdal Bygger'n Masters"]
[Site "Gausdal NOR"]
[Date "2005.10.04"]
[Round "4.6"]
[White "Fossum, Oystein Boyum"]
[Black "Brynell, Stellan"]
[Result "0-1"]
[WhiteElo "2247"]
[BlackElo "2496"]
[PlyCount "46"]
[EventDate "2005.10.01"]
[EventType "swiss"]
[EventRounds "9"]
[EventCountry "NOR"]
[Source "lmi"]
[SourceDate "2005.10.05"]

1. e4 e5 2. Nf3 Nc6 3. Bc4 Nf6 4. d3 Be7 5. O-O O-O 6. Re1 d6 7. c3 Na5 8. Bb5
a6 9. Ba4 c5 10. Nbd2 Qc7 11. Nf1 b5 12. Bc2 Nc6 13. Qe2 Re8 14. Bg5 Nh5 15.
Bxe7 Nf4 16. Qe3 Qxe7 17. d4 cxd4 18. cxd4 Bg4 19. N1d2 Qf6 20. d5 Nb4 21. Bb1
Bh3 22. Nh4 Qxh4 23. Qg3 Qh5 0-1

[Event "Gausdal Bygger'n Masters"]
[Site "Gausdal NOR"]
[Date "2005.10.04"]
[Round "4.8"]
[White "Harstad, Christian"]
[Black "Thomassen, Joachim"]
[Result "1/2-1/2"]
[WhiteElo "2078"]
[BlackElo "1963"]
[PlyCount "80"]
[EventDate "2005.10.01"]
[EventType "swiss"]
[EventRounds "9"]
[EventCountry "NOR"]
[Source "lmi"]
[SourceDate "2005.10.05"]

1. d4 Nf6 2. c4 e6 3. Nc3 Bb4 4. Qc2 O-O 5. a3 Bxc3+ 6. Qxc3 b6 7. Bg5 Bb7 8.
Nf3 d6 9. e3 Nbd7 10. Bd3 c5 11. dxc5 bxc5 12. O-O-O Rb8 13. Rd2 Qb6 14. Rhd1
d5 15. Bf4 Rbd8 16. Bg5 Rfe8 17. Bc2 Rb8 18. Bxf6 Nxf6 19. Ne5 Red8 20. g4 Nd7
21. cxd5 exd5 22. Nxd7 Rxd7 23. h4 Rbd8 24. h5 Ba6 25. Bd3 d4 26. Qc2 Bxd3 27.
Rxd3 Rb7 28. exd4 cxd4 29. Rxd4 Rbb8 30. Rxd8+ Rxd8 31. Rxd8+ Qxd8 32. Qc5 Qb8
33. Qd4 h6 34. Kb1 Qa8 35. Kc2 a5 36. Qe5 a4 37. Kb1 Qh1+ 38. Ka2 Qa8 39. f4
Qc8 40. Qf5 Qc4+ 1/2-1/2

[Event "Gausdal Bygger'n Masters"]
[Site "Gausdal NOR"]
[Date "2005.10.04"]
[Round "4.9"]
[White "Strand, Haakon"]
[Black "Bjorgvik, Jan Arne"]
[Result "1-0"]
[WhiteElo "1986"]
[BlackElo "2119"]
[PlyCount "69"]
[EventDate "2005.10.01"]
[EventType "swiss"]
[EventRounds "9"]
[EventCountry "NOR"]
[Source "lmi"]
[SourceDate "2005.10.05"]

1. e4 c6 2. d4 d5 3. Nc3 dxe4 4. Nxe4 Nf6 5. Bd3 Nxe4 6. Bxe4 e5 7. Be3 exd4 8.
Bxd4 c5 9. Qe2 Qe7 10. Bxc5 Qxc5 11. Bxb7+ Be6 12. Bxa8 Bd6 13. Qe3 Qa5+ 14. c3
O-O 15. Ne2 Bd7 16. O-O Re8 17. Qd3 Bc7 18. Be4 g6 19. Ng3 h5 20. Bd5 Kg7 21.
c4 h4 22. Ne4 Bf5 23. Qc3+ Qxc3 24. Nxc3 Nd7 25. Nb5 Be5 26. Rae1 Bd3 27. Nd6
Re7 28. Nc8 Re8 29. Nxa7 Bxf1 30. Kxf1 Rf8 31. b4 Bxh2 32. a4 Nb6 33. a5 Nxd5
34. cxd5 Rb8 35. Nc6 1-0

[Event "Gausdal Bygger'n Masters"]
[Site "Gausdal NOR"]
[Date "2005.10.04"]
[Round "4.10"]
[White "Hobber, Anders"]
[Black "Kvisla, Johannes Luangtep"]
[Result "0-1"]
[WhiteElo "1915"]
[BlackElo "2123"]
[PlyCount "66"]
[EventDate "2005.10.01"]
[EventType "swiss"]
[EventRounds "9"]
[EventCountry "NOR"]
[Source "lmi"]
[SourceDate "2005.10.05"]

1. d4 d5 2. c4 c6 3. Nf3 Nf6 4. e3 Bf5 5. cxd5 cxd5 6. Qb3 Qb6 7. Qxb6 axb6 8.
Nc3 Nc6 9. Bb5 e6 10. Ne5 Rc8 11. Na4 Bb4+ 12. Bd2 O-O 13. Bxc6 Bxd2+ 14. Kxd2
bxc6 15. Nxb6 Rc7 16. Na4 Ne4+ 17. Ke2 f6 18. Nd3 Nd6 19. Rac1 Re8 20. Nc3 Ra7
21. Nb4 Rb7 22. a3 e5 23. Nd1 Nc4 24. Nxc6 Rb6 25. Nb4 exd4 26. Kf3 d3 27. Kf4
Re4+ 28. Kg3 Rg4+ 29. Kh3 Rg5+ 30. Kh4 Ne5 31. g4 Rxg4+ 32. Kh3 Rg5+ 33. Kh4
Nf3# 0-1

[Event "Gausdal Bygger'n Masters"]
[Site "Gausdal NOR"]
[Date "2005.10.04"]
[Round "4.11"]
[White "Vea, Odin Blikra"]
[Black "Gilbert, Jessie"]
[Result "0-1"]
[WhiteElo "2090"]
[BlackElo "2148"]
[PlyCount "56"]
[EventDate "2005.10.01"]
[EventType "swiss"]
[EventRounds "9"]
[EventCountry "NOR"]
[Source "lmi"]
[SourceDate "2005.10.05"]

1. e4 d5 2. exd5 Qxd5 3. Nc3 Qa5 4. b4 Qxb4 5. Rb1 Qd6 6. Nf3 Nf6 7. d4 a6 8.
a4 e6 9. Bd3 Be7 10. O-O Nc6 11. Ne2 b6 12. c4 Qd8 13. Rb3 Bb7 14. Bd2 a5 15.
Bb1 Nb4 16. Re1 c5 17. d5 exd5 18. cxd5 Nfxd5 19. Ng3 c4 20. Rxb4 axb4 21. Ng5
Nc3 22. Nf5 Nxd1 23. Bxb4 Ne3 24. Rxe3 Qd1+ 25. Be1 O-O-O 26. Nxe7+ Kb8 27. Bf5
Rd3 28. Rxd3 cxd3 0-1

[Event "Gausdal Bygger'n Masters"]
[Site "Gausdal NOR"]
[Date "2005.10.04"]
[Round "4.12"]
[White "Hammer, Jon Ludvig"]
[Black "Svensen, Tarjei J"]
[Result "1/2-1/2"]
[WhiteElo "2278"]
[BlackElo "2112"]
[PlyCount "70"]
[EventDate "2005.10.01"]
[EventType "swiss"]
[EventRounds "9"]
[EventCountry "NOR"]
[Source "lmi"]
[SourceDate "2005.10.05"]

1. e4 e6 2. Nf3 d5 3. Nc3 Nf6 4. e5 Nfd7 5. d4 c5 6. dxc5 Nc6 7. Bf4 Bxc5 8.
Bd3 f6 9. exf6 Qxf6 10. Bg3 O-O 11. O-O Nd4 12. Nxd4 Bxd4 13. Qd2 a6 14. Rfd1
Ba7 15. a4 Ne5 16. Re1 Nxd3 17. cxd3 Bd4 18. Re2 Bd7 19. Rae1 Qg6 20. Be5 Bxe5
21. Rxe5 Rf6 22. d4 Raf8 23. R1e2 Rf4 24. R5e3 Qf6 25. Rd3 Rc8 26. b3 b5 27. g3
Rf3 28. axb5 axb5 29. Kg2 Rf5 30. Nd1 e5 31. dxe5 Rxe5 32. Rxe5 Qxe5 33. Ne3 d4
34. Rxd4 Bc6+ 35. Kg1 Re8 1/2-1/2

[Event "Gausdal Bygger'n Masters"]
[Site "Gausdal NOR"]
[Date "2005.10.04"]
[Round "4.13"]
[White "Bentsen, Hakon"]
[Black "Hansen, Torbjorn Ringdal"]
[Result "1/2-1/2"]
[WhiteElo "2158"]
[BlackElo "2323"]
[PlyCount "104"]
[EventDate "2005.10.01"]
[EventType "swiss"]
[EventRounds "9"]
[EventCountry "NOR"]
[Source "lmi"]
[SourceDate "2005.10.05"]

1. e4 e6 2. d4 d5 3. Nc3 Nf6 4. Bg5 dxe4 5. Nxe4 Be7 6. Bxf6 gxf6 7. Nf3 a5 8.
Bd3 a4 9. c3 a3 10. b3 b6 11. Qe2 Bb7 12. O-O-O Nd7 13. Rhe1 Qb8 14. Bc4 c6 15.
g3 Qc7 16. Ned2 O-O-O 17. Ba6 Nb8 18. Bxb7+ Kxb7 19. Kb1 Qd7 20. Nc4 Qd5 21.
Ne3 Qe4+ 22. Nc2 Qxe2 23. Rxe2 Na6 24. Ne3 Rd7 25. Kc2 Rhd8 26. Red2 Nc7 27. b4
Nd5 28. Kb3 Ra8 29. Nxd5 cxd5 30. Ne1 Kc6 31. f4 f5 32. Nd3 Bd6 33. Rc2 Rc7 34.
c4 dxc4+ 35. Rxc4+ Kd5 36. Rxc7 Bxc7 37. Ne1 h5 38. Nc2 h4 39. Nxa3 Ke4 40. Nb5
Bd8 41. d5 hxg3 42. hxg3 Kf3 43. dxe6 fxe6 44. Nd4+ Kxg3 45. Nxe6 Bh4 46. Rd6
Rb8 47. a4 Kg4 48. Kc4 Bf2 49. Kb5 Be3 50. Rd5 Re8 51. Nd4 Rf8 52. Nxf5 Rxf5
1/2-1/2

[Event "Gausdal Bygger'n Masters"]
[Site "Gausdal NOR"]
[Date "2005.10.04"]
[Round "4.14"]
[White "Silseth, Simon"]
[Black "Myhrvold, Rune"]
[Result "1-0"]
[WhiteElo "2328"]
[BlackElo "2164"]
[PlyCount "53"]
[EventDate "2005.10.01"]
[EventType "swiss"]
[EventRounds "9"]
[EventCountry "NOR"]
[Source "lmi"]
[SourceDate "2005.10.05"]

1. c4 e5 2. Nc3 f5 3. d4 exd4 4. Qxd4 Nf6 5. Nf3 Nc6 6. Qd1 Bb4 7. Bd2 O-O 8.
e3 Ne4 9. Qc2 Nxd2 10. Nxd2 f4 11. e4 Ne5 12. O-O-O d6 13. f3 a5 14. Nb3 a4 15.
Nd4 a3 16. b3 c6 17. Kb1 Bd7 18. Bd3 Qf6 19. Nce2 b5 20. g3 fxg3 21. hxg3 g6
22. Nf4 Rac8 23. cxb5 cxb5 24. Qh2 Qf7 25. Nd5 Bc5 26. Nf6+ Kg7 27. Nxd7 1-0

[Event "Gausdal Bygger'n Masters"]
[Site "Gausdal NOR"]
[Date "2005.10.04"]
[Round "4.15"]
[White "Hauchard, Arnaud"]
[Black "Svendsen, Bertil"]
[Result "1-0"]
[WhiteElo "2483"]
[BlackElo "2205"]
[PlyCount "61"]
[EventDate "2005.10.01"]
[EventType "swiss"]
[EventRounds "9"]
[EventCountry "NOR"]
[Source "lmi"]
[SourceDate "2005.10.05"]

1. d4 Nf6 2. c4 c5 3. d5 e6 4. Nc3 exd5 5. cxd5 d6 6. e4 g6 7. Nge2 Bg7 8. Ng3
O-O 9. Be2 Nbd7 10. O-O Qe7 11. Bg5 h6 12. Be3 Re8 13. Qd2 Kh7 14. f3 a6 15. a4
h5 16. Nh1 Qf8 17. Nf2 Bh6 18. Nfd1 Bxe3+ 19. Nxe3 Qe7 20. Nc4 Ne5 21. Na3 Ned7
22. Rae1 Rb8 23. f4 Qf8 24. Bd3 Kg7 25. b3 b6 26. Qe2 Bb7 27. Bxa6 Bxd5 28.
Nxd5 Nxd5 29. Qb2+ N5f6 30. e5 Nd5 31. Bb5 1-0

[Event "Gausdal Bygger'n Masters"]
[Site "Gausdal NOR"]
[Date "2005.10.04"]
[Round "4.16"]
[White "Westerinen, Heikki M.J"]
[Black "Reppen, Sigmund"]
[Result "1-0"]
[WhiteElo "2410"]
[BlackElo "1916"]
[PlyCount "61"]
[EventDate "2005.10.01"]
[EventType "swiss"]
[EventRounds "9"]
[EventCountry "NOR"]
[Source "lmi"]
[SourceDate "2005.10.05"]

1. e4 e5 2. f4 exf4 3. Nf3 g5 4. h4 g4 5. Ne5 d6 6. Nxg4 Nf6 7. Nf2 Bh6 8. Be2
Rg8 9. Bf3 Nc6 10. d4 Qe7 11. Nc3 Bd7 12. Ne2 O-O-O 13. Bxf4 Bxf4 14. Nxf4 Nxe4
15. Bxe4 f5 16. d5 Nb8 17. Qd4 fxe4 18. O-O-O Rdf8 19. Qe3 Qe5 20. g3 Bg4 21.
Nxg4 Rxg4 22. Rd4 Re8 23. Ra4 a6 24. Re1 Nd7 25. Rxe4 Qxe4 26. Qxe4 Rxe4 27.
Rxe4 Ne5 28. Re3 Kd7 29. b3 b5 30. Kd2 Ng6 31. Nh5 1-0

[Event "Gausdal Bygger'n Masters"]
[Site "Gausdal NOR"]
[Date "2005.10.04"]
[Round "4.17"]
[White "Urkedal, Frode Olav Olsen"]
[Black "Hole, Oystein"]
[Result "0-1"]
[WhiteElo "2141"]
[BlackElo "2336"]
[PlyCount "104"]
[EventDate "2005.10.01"]
[EventType "swiss"]
[EventRounds "9"]
[EventCountry "NOR"]
[Source "lmi"]
[SourceDate "2005.10.05"]

1. d4 d5 2. c4 c6 3. Nf3 Nf6 4. Nc3 dxc4 5. a4 Bf5 6. Ne5 Nbd7 7. Nxc4 Qc7 8.
g3 e5 9. dxe5 Nxe5 10. Bf4 Nfd7 11. Bg2 g5 12. Bxe5 Nxe5 13. Qd4 f6 14. Rd1 Be7
15. Nxe5 Qxe5 16. Qxe5 fxe5 17. O-O Rd8 18. Be4 Be6 19. Kg2 O-O 20. Bb1 Kg7 21.
Ba2 Bf5 22. Bb1 Bc8 23. Rd3 Rxd3 24. Bxd3 Be6 25. Ne4 Rd8 26. Rc1 Rd4 27. a5 a6
28. f3 Rb4 29. Rc2 h6 30. Nd2 Ra4 31. Bc4 Bc8 32. Nb3 Bb4 33. Bd3 Kf6 34. Be4
Be6 35. Nc5 Bxc5 36. Rxc5 Ra2 37. Kf2 Rxb2 38. Bd3 Bd5 39. g4 Ke6 40. h4 Ra2
41. hxg5 hxg5 42. Rc1 Rxa5 43. e4 Ba2 44. Ra1 b6 45. Kg3 Kd6 46. Rh1 b5 47. Rh5
c5 48. Rxg5 c4 49. Bc2 b4 50. Rh5 b3 51. Bd1 b2 52. Bc2 Bb3 0-1

[Event "Gausdal Bygger'n Masters"]
[Site "Gausdal NOR"]
[Date "2005.10.04"]
[Round "4.18"]
[White "Ferkingstad, Sjur"]
[Black "Agdestein, Emil"]
[Result "1-0"]
[WhiteElo "2239"]
[BlackElo "2057"]
[PlyCount "83"]
[EventDate "2005.10.01"]
[EventType "swiss"]
[EventRounds "9"]
[EventCountry "NOR"]
[Source "lmi"]
[SourceDate "2005.10.05"]

1. e4 d5 2. exd5 Nf6 3. Bb5+ Nbd7 4. c4 a6 5. Bxd7+ Qxd7 6. d3 b5 7. Qe2 c6 8.
dxc6 Qxc6 9. Nf3 Bb7 10. Nbd2 e6 11. b3 Be7 12. Bb2 h5 13. a3 Rd8 14. Rg1 h4
15. Ne5 Qb6 16. b4 bxc4 17. Ndxc4 Qb5 18. Bc3 Ba8 19. Bd2 Nd5 20. Rc1 Bf6 21.
f4 Ne7 22. Qe3 Rh5 23. a4 Qb8 24. b5 axb5 25. Rb1 Nf5 26. Qc5 Bxe5 27. fxe5 Nd4
28. axb5 Rd5 29. Qb6 Rhxe5+ 30. Kd1 Qxb6 31. Nxb6 Rd8 32. Nxa8 Rxa8 33. b6 Rb8
34. Bf4 Nc6 35. Bxe5 Nxe5 36. Kd2 Nd7 37. b7 Nc5 38. Rb5 Nd7 39. Ra1 Kd8 40.
Ra8 Kc7 41. Rxb8 Nxb8 42. Rh5 1-0

[Event "Gausdal Bygger'n Masters"]
[Site "Gausdal NOR"]
[Date "2005.10.04"]
[Round "4.19"]
[White "Sjol, Henrik"]
[Black "Thomassen, Thomas"]
[Result "1/2-1/2"]
[WhiteElo "1656"]
[BlackElo "2077"]
[PlyCount "140"]
[EventDate "2005.10.01"]
[EventType "swiss"]
[EventRounds "9"]
[EventCountry "NOR"]
[Source "lmi"]
[SourceDate "2005.10.05"]

1. c4 c5 2. g3 g6 3. Bg2 Bg7 4. Nc3 Nc6 5. Nf3 e5 6. d3 Nge7 7. a3 O-O 8. O-O
d6 9. Qc2 Rb8 10. Rb1 a5 11. Bd2 h6 12. Nb5 Be6 13. b4 axb4 14. axb4 b6 15. Bc3
Qd7 16. Rfd1 Rfc8 17. bxc5 bxc5 18. Rb3 d5 19. Be1 dxc4 20. dxc4 Nd4 21. Nbxd4
exd4 22. Rxb8 Rxb8 23. Bd2 Qa7 24. Ne1 Qa6 25. Nd3 Bxc4 26. Nxc5 Qb5 27. Bf4
Rc8 28. Nd3 Be6 29. Qd2 Kh7 30. Rc1 Rc3 31. Qd1 Bb3 32. Qe1 Bc4 33. Rb1 Qa6 34.
Ra1 Qe6 35. Bd2 Rc2 36. Nf4 Qc8 37. Rc1 Bb3 38. Nd3 Nd5 39. Bxd5 Bxd5 40. Rxc2
Qxc2 41. Nb4 Qb3 42. Nxd5 Qxd5 43. Qb1 h5 44. h4 Be5 45. Qd3 f5 46. Bg5 Qc6 47.
Bd2 Qd6 48. Qf3 Qb6 49. Qd3 Kg7 50. Bg5 Qc6 51. Bd2 Qd6 52. Qf3 Qa6 53. Bg5 Qb5
54. Kg2 Qb1 55. Qd3 Qb7+ 56. Kg1 Qc6 57. Bd2 Qd6 58. Bg5 f4 59. gxf4 Bxf4 60.
Qf3 Bxg5 61. hxg5 Qe5 62. Qb7+ Kf8 63. Qc8+ Ke7 64. Qb7+ Ke6 65. Qc8+ Kd5 66.
Qb7+ Ke6 67. Qc8+ Ke7 68. Qb7+ Kf8 69. Qc8+ Kf7 70. Qd7+ Kf8 1/2-1/2

[Event "Gausdal Bygger'n Masters"]
[Site "Gausdal NOR"]
[Date "2005.10.04"]
[Round "4.20"]
[White "Aandal, Kristian"]
[Black "Nilsen, Jarle"]
[Result "1/2-1/2"]
[WhiteElo "1941"]
[BlackElo "1632"]
[PlyCount "104"]
[EventDate "2005.10.01"]
[EventType "swiss"]
[EventRounds "9"]
[EventCountry "NOR"]
[Source "lmi"]
[SourceDate "2005.10.05"]

1. d4 d6 2. c4 g6 3. Nc3 Bg7 4. e4 Nc6 5. Be3 e5 6. d5 Nce7 7. c5 Nf6 8. Bb5+
Bd7 9. Bxd7+ Qxd7 10. f3 O-O 11. Nge2 Rfd8 12. O-O a6 13. cxd6 Qxd6 14. Rc1
Rac8 15. Na4 b6 16. Qd3 Nh5 17. Qxa6 Ra8 18. Qc4 Nf4 19. Nac3 c6 20. Nxf4 exf4
21. Bxb6 cxd5 22. Qc5 dxe4 23. Qxd6 Rxd6 24. Bc5 Re6 25. fxe4 Bxc3 26. bxc3 g5
27. a3 Re8 28. Rfe1 Nc6 29. Bb4 f5 30. e5 Nxe5 31. c4 f3 32. Rc2 g4 33. Rc3 g3
34. gxf3 gxh2+ 35. Kh1 f4 36. Re4 Rd8 37. Rxf4 Ng6 38. Re4 Rf6 39. Kxh2 Nf4 40.
Rce3 Rd1 41. Re8+ Kf7 42. Rf8+ Kg6 43. Rxf6+ Kxf6 44. c5 Nd5 45. Re4 Rd3 46.
Kg3 Ne7 47. Kf2 Nc6 48. Ke2 Rb3 49. Rh4 Kg6 50. Kf2 h5 51. Re4 Kf5 52. Rh4 Kg5
1/2-1/2